Statystyki dla państwo według charakterystycznej rzeczy #2

Kliknij tutaj aby rozwiązać quiz!

Ogólne statystyki

  • Ten quiz został rozwiązany 105 razy
    (102 od ostatniego zresetowania)
  • Średni wynik to 8 z 10

Statystyki odpowiedzi

Odpowiedź% Poprawnych
USA
98%
Wielka brytania
98%
Polska
94%
Grecja
88%
Holandia
88%
Japonia
85%
Indie
77%
ZEA
62%
Peru
60%
Nepal
36%

Rozkład punktacji

Percentyl według liczby udzielonych odpowiedzi

Procent ludzi z każdym wynikiem

Twoja historia wyników

Nie rozwiązałeś tego quizu od ostatniego zresetowania